000170351 001__ 170351
000170351 005__ 20260410165451.0
000170351 0248_ $$2sideral$$a148793
000170351 037__ $$aART-2023-148793
000170351 041__ $$aspa
000170351 100__ $$0(orcid)0000-0002-1275-9976$$aBeltrán-Pellicer, Pablo$$uUniversidad de Zaragoza
000170351 245__ $$aVolando voy (Graphing Bee): final de la XXX Olimpíada Matemática de 2.º ESO
000170351 260__ $$c2023
000170351 5060_ $$aAccess copy available to the general public$$fUnrestricted
000170351 540__ $$9info:eu-repo/semantics/openAccess$$aby-nc-nd$$uhttps://creativecommons.org/licenses/by-nc-nd/4.0/deed.es
000170351 655_4 $$ainfo:eu-repo/semantics/article$$vinfo:eu-repo/semantics/publishedVersion
000170351 700__ $$0(orcid)0000-0002-8713-4591$$aMuñoz-Escolano, José. M.$$uUniversidad de Zaragoza
000170351 7102_ $$12006$$2200$$aUniversidad de Zaragoza$$bDpto. Matemáticas$$cÁrea Didáctica Matemática
000170351 773__ $$g50 (2023), 4-7$$pEntorno Abierto$$tEntorno abierto$$x2386-8821
000170351 8564_ $$s1267180$$uhttps://zaguan.unizar.es/record/170351/files/texto_completo.pdf$$yVersión publicada
000170351 8564_ $$s2216468$$uhttps://zaguan.unizar.es/record/170351/files/texto_completo.jpg?subformat=icon$$xicon$$yVersión publicada
000170351 909CO $$ooai:zaguan.unizar.es:170351$$particulos$$pdriver
000170351 951__ $$a2026-04-10-13:47:05
000170351 980__ $$aARTICLE